Topological library

Αποθηκεύτηκε σε:
Λεπτομέρειες βιβλιογραφικής εγγραφής
Άλλοι συγγραφείς: Novikov, Sergei Petrovich (Επιμελητής έκδοσης), Taimanov, I. A. (Iskander Asanovich) 1961- (Επιμελητής έκδοσης)
Μορφή: Βιβλίο
Γλώσσα:English
Δημοσίευση: Hackensack, N.J. : World Scientific, c2007-
Σειρά:K & E series on knots and everything ; ; 39
Θέματα:
Ετικέτες: Προσθήκη ετικέτας
Δεν υπάρχουν, Καταχωρήστε ετικέτα πρώτοι!

MARC

LEADER 00000nam a2200000 i 4500
001 1/84285
008 080509s2007 eng d
020 |a 978-981-270-559-4 
020 |a 981-270-559-7 
035 |l 10097152 
040 |a GR-MY-UA  |b gre  |e aacr 
041 0 |a eng 
082 0 |a 514.72  |2 (22) 
245 1 0 |a Topological library /  |c editors, S.P. Novikov, I.A. Taimanov ; translated by V.O. Manturov 
260 |a Hackensack, N.J. :   |b World Scientific,   |c c2007- 
300 |a 1 τ.;  |b εικ.;  |c 24 εκ. 
490 1 |a K & E series on knots and everything  |v ; 39 
500 |a "Translation of the Russian edition published in 2005" 
504 |a Περιέχει βιβλιογραφικές παραπομπές και ευρετήριο 
505 0 |a Τ. 1 Cobordisms and their applications 
650 0 0 |a Cobordism theory. 
700 1 |a Novikov, Sergei Petrovich.  |4 edt 
700 1 |a Taimanov, I. A.  |q (Iskander Asanovich)  |d 1961-  |4 edt 
740 0 2 |a Cobordisms and their applications 
830 0 |a K & E series on knots and everything ;  |v ; 39 
852 |a INST  |b SAMOS  |e 20080509  |h 514.72 TOP  |p 005300030407  |q 005300030407  |t BK  |y 0 
901 |a BIBL3-2008-2 
909 |a Σ  |b 152444 
922 |a 3ΕΛΗ  |b 200803  |c ΕΠΕΑΕΚ2/ΤΜΗΜΑ ΜΑΘΗΜΑΤΙΚΩΝ  |d ΠΑΠΑΣΩΤΗΡΙΟΥ 
970 |a ΡΟΥΣΣΟΥ  |b ΚΩΝΣΤΑΝΤΙΝΑ  |z 2008/05/09